IFM Opac

the decline of rural industry under export expansion: a comparison among Burma, Philippines, and Thailand, 1870-1938 (Record no. 19716)

MARC details
000 -LEADER
fixed length control field 00429nam a22001217a 4500
082 ## - DEWEY DECIMAL CLASSIFICATION NUMBER
Classification number REF 338.00959 RES
100 ## - MAIN ENTRY--PERSONAL NAME
Personal name Stephen A. Resnick
245 ## - TITLE STATEMENT
Title the decline of rural industry under export expansion: a comparison among Burma, Philippines, and Thailand, 1870-1938
260 ## - PUBLICATION, DISTRIBUTION, ETC.
Place of publication, distribution, etc. New Heaven
Name of publisher, distributor, etc. Yale University Economic Growth Centre
Date of publication, distribution, etc. 1970
300 ## - PHYSICAL DESCRIPTION
Extent 73p
Other physical details ; 24cm
500 ## - GENERAL NOTE
General note Includes bibliographical references
942 ## - ADDED ENTRY ELEMENTS (KOHA)
Koha item type Books
Holdings
Withdrawn status Lost status Damaged status Not for loan Home library Current library Shelving location Date acquired Total Checkouts Full call number Barcode Date last seen Price effective from Koha item type
        IFM Main Campus Library IFM Main Campus Library Archival Collection 08/14/2018   REF 338.00959 RES 0000012715 08/14/2018 08/14/2018 Books